Dizajn vozidla typu „pick – up“ na vodíkový pohon
Uložené v:
| Hlavný autor: | |
|---|---|
| Ďalší autori: | |
| Médium: | Rukopis Kniha |
| Jazyk: | Slovak |
| Vydavateľské údaje: |
2023
|
| Predmet: | |
| On-line prístup: | http://is.stuba.sk/zp/portal_zp.pl?podrobnosti=152695 |
| Tagy: |
Žiadne tagy, Buďte prvý, kto otaguje tento záznam!
|
MARC
| LEADER | 00000ntm a22000003a 4500 | ||
|---|---|---|---|
| 001 | stuzp90558 | ||
| 003 | SK-STU | ||
| 005 | 20230909211452.8 | ||
| 007 | ta | ||
| 008 | 150427s2015----xo-----f-mn---000-0-slo-d | ||
| 040 | |a STU |b slo | ||
| 041 | 0 | |a slo | |
| 100 | 1 | |a Poturnay, Sedrik |u 059190 |4 aut |U FAD Fakulta architektúry a dizajnu |T FAD Ústav dizajnu |X 99307 |U A9190 |Y 400 |7 99307 | |
| 242 | 0 | 1 | |a Hydrogen-powered pick-up vehicle design |y eng |
| 245 | 1 | 0 | |a Dizajn vozidla typu „pick – up“ na vodíkový pohon |
| 260 | |c 2023 | ||
| 650 | 4 | |a pick-up |2 slo | |
| 650 | 4 | |a vodík |2 slo | |
| 650 | 4 | |a alternatívny pohon |2 slo | |
| 650 | 4 | |a pick-up |2 eng | |
| 650 | 4 | |a hydrogen |2 eng | |
| 650 | 4 | |a alternative drive |2 eng | |
| 700 | 1 | |a Humaj, Peter |u 059190 |k Z7 |4 ths |U FAD Fakulta architektúry a dizajnu |T FAD Ústav dizajnu |X 429 |U A9190 |Y 400 |7 A000000429 | |
| 856 | 4 | |u http://is.stuba.sk/zp/portal_zp.pl?podrobnosti=152695 | |